00210nam a2200085Ia 4500008004100000100001600041245004300057260001500100300000900115190216s9999||||xx |||||||||||||| ||und|| aAgarwal M L 0aTheory And Practice Of Cost Accounting bNullc1988 a774p